00922nam a2200241Ia 450000100060000000300090000600800410001504000130005604000130006904100130008210000170009510000290011224500380014124500380017925000110021726000240022826000190025226000490027130000410032050002650036165000230062665000310064933341IT-RoPAU130308s9999 xx 000 0 und d aIT-RoPAU cIT-RoPAU aITALIANO aBea Fernando gCodice Aut. SPICS: 14683 aMezzo secolo della radio del Papa bMezzo Secolo della Radio del Papa a1a ed. aCITTA' DEL VATICANO bRadio Vaticana c1981 [1° Ed.:1981 - Ed.Ling.Originale:1981] a"302 p. (prefazione: 6; testo: 296)" aConciliazione Giuseppe Gianfranceschi Guglielmo Marconi Ponte Radio Ad Onde Ultracorte Filippo Soccorsi Nuovo Trasmettitore Telefunken ufficio informazioni Apostolato radiofonico Potenziamento Tecnico Santa Maria di Galeria presenza Dinamica tavola Cronologica aSTORIA DELLA RADIO eCodice materia Spics: 6908